<?xml version="1.0" encoding="UTF-8"?>
<record
    xmlns:xsi="http://www.w3.org/2001/XMLSchema-instance"
    xsi:schemaLocation="http://www.loc.gov/MARC21/slim http://www.loc.gov/standards/marcxml/schema/MARC21slim.xsd"
    xmlns="http://www.loc.gov/MARC21/slim">

  <leader>01964    a2200229   4500</leader>
  <controlfield tag="001">41137</controlfield>
  <controlfield tag="005">20260407155705.0</controlfield>
  <controlfield tag="008">260407a2006    arg                 spa d</controlfield>
  <controlfield tag="003">AR-UNSa-BCEJYS</controlfield>
  <datafield tag="040" ind1=" " ind2=" ">
    <subfield code="a">AR-UNSa-BCEJYS</subfield>
    <subfield code="b">spa</subfield>
    <subfield code="c">AR-UNSa-BCEJYS</subfield>
  </datafield>
  <datafield tag="080" ind1=" " ind2=" ">
    <subfield code="a">351.71</subfield>
    <subfield code="x">Bienes p&#xFA;blicos. Obras p&#xFA;blicas. Impuestos (Contrataci&#xF3;n p&#xFA;blica)</subfield>
  </datafield>
  <datafield tag="245" ind1="1" ind2="0">
    <subfield code="a">El r&#xE9;gimen de contrataciones de la administraci&#xF3;n p&#xFA;blica nacional</subfield>
  </datafield>
  <datafield tag="020" ind1=" " ind2=" ">
    <subfield code="a">950-894-552-4</subfield>
  </datafield>
  <datafield tag="264" ind1=" " ind2="1">
    <subfield code="a">Buenos Aires :</subfield>
    <subfield code="b">AD-HOC</subfield>
    <subfield code="c">2006</subfield>
  </datafield>
  <datafield tag="300" ind1=" " ind2=" ">
    <subfield code="a">236 p.</subfield>
    <subfield code="c">23 cm.</subfield>
  </datafield>
  <datafield tag="505" ind1=" " ind2=" ">
    <subfield code="a">1. Regularidad normativa y efectos jur&#xED;dicos del dec. 1023/01 - 2. Consecuencias jur&#xED;dicas de las modificaciones impuestas al r&#xE9;gimen de contrataciones por los decretos de necesidad y urgencia dictados a posteriori. Diferencias con los decretos delegados. Responsabilidad del estado - 3. La reglamentaci&#xF3;n transitoria al dec. 1023/01 - 4. Los contratos de la administraci&#xF3;n nacional - 5. Las innovaciones en materia procesal contractual - 6. Las cl&#xE1;usulas exorbitantes en los v&#xED;nculos contractuales de la Administraci&#xF3;n federal - 7. La responsabilidad precontractual, contractual del Estado federal argentino, la de sus funcionarios y consesionarios de servicios p&#xFA;blicos - 8. Definici&#xF3;n del concepto "emergencia" desde distintos planos del conocimiento. Doctrina y jurisprudencia - 9. Los presupuestos jur&#xED;dicos y f&#xE1;cticos que posibilitan la admisi&#xF3;n regular del estado de emergencia y sus l&#xED;mites - 10. Acerca de los efectos jur&#xED;dicos de la emergencia y su control judicial - 11. La emergencia en los contratos de la administraci&#xF3;n - 12. S&#xED;ntesis cronol&#xF3;gica de normas dictadas por la emergencia antes y despu&#xE9;s de la instauraci&#xF3;n del nuevo r&#xE9;gimen contractual</subfield>
  </datafield>
  <datafield tag="041" ind1=" " ind2=" ">
    <subfield code="a">spa</subfield>
  </datafield>
  <datafield tag="942" ind1=" " ind2=" ">
    <subfield code="c">BK</subfield>
  </datafield>
  <datafield tag="590" ind1=" " ind2=" ">
    <subfield code="a">niveau_biblio:m niveau_hierar:0</subfield>
  </datafield>
  <datafield tag="100" ind1="1" ind2=" ">
    <subfield code="a">Elgassi, Alberto &#xC1;.</subfield>
  </datafield>
  <datafield tag="856" ind1="4" ind2="1">
    <subfield code="u">https://biblioeco.unsa.edu.ar/pmb/images/libros/El_reg_contrat_Elgassi.jpg</subfield>
    <subfield code="y">Imagen de portada</subfield>
    <subfield code="q">image/jpeg</subfield>
  </datafield>
  <datafield tag="999" ind1=" " ind2=" ">
    <subfield code="c">3390</subfield>
    <subfield code="d">3390</subfield>
  </datafield>
  <datafield tag="952" ind1=" " ind2=" ">
    <subfield code="0">0</subfield>
    <subfield code="1">0</subfield>
    <subfield code="4">0</subfield>
    <subfield code="7">0</subfield>
    <subfield code="a">BCEJYS</subfield>
    <subfield code="b">BCEJYS</subfield>
    <subfield code="c">16</subfield>
    <subfield code="d">2026-04-07</subfield>
    <subfield code="l">0</subfield>
    <subfield code="o">351.71 E41</subfield>
    <subfield code="p">L126391</subfield>
    <subfield code="r">2026-04-07 15:57:05</subfield>
    <subfield code="w">2026-04-07</subfield>
    <subfield code="y">L</subfield>
  </datafield>
</record>
